01188nam a22002297a 4500003000500000005001700005008004100022020001800063041001200081082001700093100002000110245005400130260003600184300001800220505013300238520038800371650001400759650002300773942001500796999001700811952013000828CUTN20250612124900.0250612b |||||||| |||| 00| 0 eng d a9789355280633 aEnglish a370.954bAUR aAurobindo Ghose aa System of national education /cAurobindo Ghose aIndia :bMaxwell Press ,c2022. a67p. :bill ; aThe Human Mind Powers of the Mind The Moral Nature The Training of the Senses The Training of the Intellect Methods of Teaching aAurobindo's "A System of National Education" is a powerful critique of the prevalent Western-influenced educational system in India and a blueprint for a new, truly "national" education. He argues that the existing system was designed to create clerks and subservient individuals, rather than fostering the holistic development of the human being and the genius of the Indian nation. aEducation aEducation in India 2ddccBOOKS c44719d44719 00102ddc40708NFICaCUTNbCUTNc300d2025-06-12l1o370.954 AURp51547r2025-11-10 16:43:08s2025-10-27w2025-06-12yBOOKS